| 000 | 00317 a2200121 4500 | ||
|---|---|---|---|
| 001 | 13196 | ||
| 082 | _a623.043 POI | ||
| 090 |
_c10198 _d10198 |
||
| 100 | _aPoisel, R.A | ||
| 245 | _aTarget Acquisition in communication electronic warfare systems | ||
| 260 |
_alondon _bArtech House _c2005 |
||
| 300 | _axiii, 354 p | ||
| 942 |
_aNUST-CAE _k623.043 POI |
||
| 999 |
_c248269 _d248269 |
||